Statistics for Guardians of The Galaxy (2014) Characters

Click here to take the quiz!

General Stats

  • This quiz has been taken 25 times
  • The average score is 11 of 15

Answer Stats

HintAnswer% Correct
Dave BautistaDrax The Destroyer
100%
Zoe SaldanaGamora
100%
Vin DieselGroot
100%
Bradley CooperRocket Raccoon
100%
Chris PrattStar-Lord/Peter Quill
100%
Josh BrolinThanos
96%
Stan LeeHimself
83%
Karen GillanNebula
79%
Lee PaceRonan The Accuser
71%
Michael RookerYondu
67%
Sean GunnKraglin
46%
Benicio Del ToroThe Collector
46%
Glenn CloseNovaprime
42%
John C. ReillyRhomenn Dey
42%
Seth GreenHoward The Duck
17%

Score Distribution

Percentile by Number Answered

Percent of People with Each Score

Your Score History

You have not taken this quiz